00536nam a2200169 a 450000100060000000300090000600800410001504000280005608200190008411000350010324500720013826000520021030000080026249000350027065000330030565000280033814336CO-ViMGA141112s2004 ck r 000 u spa d aCO-ViMGAbspacCO-ViMGA04a371.3358 C654p aConsejo Nacional de Television10aPolíticas estatales televisivas y su incidencia en la educación aSantafé de Bogotá : bRasgo y Color, c1999 a183 aTelevision y educación no. 614aTELEVISION EN LA educación14aTELEVISION Y Política